00373nam a22001337a 4500008004100000020001800041041000800059084001800067100001900085245004200104260005500146546001700201653002100218220704b |||||||| |||| 00| e mal d a9789384795252 amal 2CCaO32,6bQ7 aHaridas, A. S. aParayathe pokunnathu /cA. S. Haridas aThiruvananthapuram :bMaluben Publications,c2017. aIn malayalam aMalayalam essays